00868nam a22002055a 4500008004100000020001800041040003800059082002300097100001600120245013500136250001200271260006700283300003600350650005700386651001000443653002400453942000800477999001700485952016000502161130s2013 ii a fr 000 0 eng d a9789351520641 aEG-ScBUEbengcEG-ScBUEdEG-ScBUE04222bCLEa610.730761 aClement, I.10aNursing solved question papers for general nursing and midwifery-1nd year (2013-2009) :b(per INC Revised Syllabus) /cI. Clement. a2nd ed. aNew Delhi :bJaypee Brothers Medical Publisher (P) LTD,c2013. axxxii, 390 p. :bill. ;c24 cm. 72BUEsh912268aNursingxExaminations, questions, etc. 2BUEsh bNNURcSeptember2017 2ddc c23393d23365 00102ddc40708BaccahaMAINbMAINc1STd2016-11-30ePurchaseg177.00h21764l2m11o610.73076 CLEp000030893r2025-07-15 00:00:00s2018-04-03v221.00yBB